Sports Quiz

Random Sports or MLB Quiz

Cincinnati Reds MVPs Quiz Stats

 Plays Quiz not verified by Sporcle

Challenge
Share
Tweet
Embed
Score 0/12 Timer 05:00
0 Plays Today
Year Player % Correct
1970Johnny Bench
99.5%
1972Johnny Bench
99.5%
1975Joe Morgan
98.5%
1976Joe Morgan
98.5%
2010Joey Votto
98.5%
1995Barry Larkin
97.5%
1973Pete Rose
97%
1977George Foster
88.4%
1961Frank Robinson
72.2%
1938Ernie Lombardi
48.5%
1940Frank McCormick
23.2%
1939Bucky Walters
21.2%

You're not logged in!

Compare scores with friends on all Sporcle quizzes.
Join for Free
OR
Log In

You Might Also Like...

Show Comments

Extras

Top Quizzes Today


Score Distribution

Your Account Isn't Verified!

In order to create a playlist on Sporcle, you need to verify the email address you used during registration. Go to your Sporcle Settings to finish the process.

Report this User

Report this user for behavior that violates our Community Guidelines.

Details: